Tax administration reform and fiscal adjustment : the case of Indonesia (2001-07) /

Bibliographic Details
Main Author: Le Borgne, Eric.
Other Authors: Brondolo, John.
Format: eBook
Language:English
Published: [Washington, District of Columbia] : International Monetary Fund, 2008.
Series:IMF working paper ; WP/08/129
Subjects:
Online Access:Click to View
LEADER 01660nam a2200421 i 4500
001 EBC1607838
003 MiAaPQ
005 20200520144314.0
006 m o d |
007 cr cnu||||||||
008 140226t20082008dcua ob 000 0 eng d
035 |a (MiAaPQ)EBC1607838 
035 |a (Au-PeEL)EBL1607838 
035 |a (CaPaEBR)ebr10368780 
035 |a (CaONFJC)MIL284082 
035 |a (OCoLC)870245224 
040 |a MiAaPQ  |b eng  |e rda  |e pn  |c MiAaPQ  |d MiAaPQ 
043 |a a-io--- 
050 4 |a KNW3558  |b .T39 2008 
082 0 |a 336.2  |2 23 
100 1 |a Le Borgne, Eric. 
245 1 0 |a Tax administration reform and fiscal adjustment :  |b the case of Indonesia (2001-07) /  |c John Brondolo [and three others]. 
264 1 |a [Washington, District of Columbia] :  |b International Monetary Fund,  |c 2008. 
264 4 |c 2008 
300 |a 1 online resource (72 pages) :  |b illustrations. 
336 |a text  |2 rdacontent 
337 |a computer  |2 rdamedia 
338 |a online resource  |2 rdacarrier 
440 0 |a IMF working paper ;  |v WP/08/129 
504 |a Includes bibliographical references. 
588 |a Description based on online resource; title from PDF front page (ebrary, viewed February 26, 2014). 
590 |a Electronic reproduction. Ann Arbor, MI : ProQuest, 2015. Available via World Wide Web. Access may be limited to ProQuest affiliated libraries. 
650 0 |a Tax administration and procedure  |z Indonesia. 
650 0 |a Fiscal policy  |z Indonesia. 
655 4 |a Electronic books. 
700 1 |a Brondolo, John. 
797 2 |a ProQuest (Firm) 
856 4 0 |u https://ebookcentral.proquest.com/lib/matrademy/detail.action?docID=1607838  |z Click to View